000 00621nam a2200217Ia 4500
008 101110s9999 xx 000 0 und d
041 _aENGLISH
082 _bSR24871
_a651.3
100 _aArora S.P.
245 _aOffice organisation and management, 2nd revised edition
260 _c2003
_bVikas publishing house. Mumbai
300 _a570
365 _b135
520 _aCommerce
546 _aENGLISH
630 _aOffice organisation and management, 2nd revised edition
650 _aCommerce
655 _aCommerce
730 _aOffice organisation and management, 2nd revised edition
942 _cBOOK
999 _c817533
_d817530